000 00269nam a2200109Ia 4500
008 190216s9999||||xx |||||||||||||| ||und||
100 _aAsish K Bhattchriyya
245 0 _aPrinciples And Practice Of Cost Accounting
260 _bNull
_c1992
300 _a887p
942 _cBK
999 _c5508
_d5508